| 000 | 00845cam a22002413a 4500 | ||
|---|---|---|---|
| 001 | 27284 | ||
| 003 | PGUSA | ||
| 005 | 20140828083605.0 | ||
| 008 | 081116s2008||||xxu|||||s|||||000 | eng d | ||
| 040 |
_aPGUSA _beng |
||
| 042 | _adc | ||
| 050 | 4 | _aPR | |
| 100 | 1 |
_aAnstey, F., _d1856-1934 |
|
| 245 | 1 | 4 |
_aThe Talking Horse : _bAnd Other Tales _h[electronic resource] / _cF. Anstey |
| 260 |
_bProject Gutenberg, _c2008 |
||
| 505 | 0 | _aThe talking horse -- The good little girl -- A matter of taste -- Don; The story of a greedy dog -- Taken by surprise -- Paleface and redskin -- Shut out -- Tommy's hero -- A canine Ishmael -- Marjory. | |
| 506 | _aPublic domain in the USA. | ||
| 516 | _aElectronic text | ||
| 653 | _aShort stories | ||
| 830 | 0 |
_aProject Gutenberg _v27284 |
|
| 856 | 4 | 0 | _uhttp://www.gutenberg.org/ebooks/27284 |
| 942 | _cEB | ||
| 999 |
_c256539 _d256539 |
||